Protinádorová aktivita kultúr Legionella pneumophila proti myším tumorom ; Emil Kmety, Ctirad Oravec, Sylvia Bazovská, Boris Ondruš

Bibliographic Details
Main Authors: Kmety, Emil, 1923-2003 (Author), Oravec, Ctirad, 1924-2003 (Author), Bazovská, Sylvia, 1938- (Author), Ondruš, Boris, 1924-1995 (Author)
Format: Article
Language:Slovak
PhysicalDescription:Obr. 5. Res. rus., angl., nem., lit. 11 zázn. v angl., nem.
Subjects:

MARC

LEADER 00000nab a2200000 a 4500
001 vtls000153662
003 SK-MaSNL
005 20260304071135.0
008 250422c1983 xo 0 slo
015 |a SNBRB19rr/mm-uuuuu 
035 |a CL0163769 
035 |a urn:nbn:sk:snk-ab3y3 
035 |a (urnnbn)urn:nbn:sk:snk:ar-a03k4e 
035 |a (uuid)d93dcb16-86c9-4378-8edb-1ae8df290463 
040 |a SNKBUCL  |b slo  |c SNKBUCL  |e AACR2 
041 0 |a slo 
044 |a xo  |c SK 
080 |a 616-006  |2 1981 
080 |a 615.277  |2 1981 
080 |a 57.089.6  |2 1981 
245 0 0 |a Protinádorová aktivita kultúr Legionella pneumophila proti myším tumorom ; Emil Kmety, Ctirad Oravec, Sylvia Bazovská, Boris Ondruš 
300 |b Obr. 5. Res. rus., angl., nem., lit. 11 zázn. v angl., nem. 
650 0 7 |a kultúry  |2 snkbucl  |9 520470 
650 0 7 |a Legionella pneumophila  |2 snkbucl  |9 859044 
655 7 |a články z novín a časopisov  |2 snkbucl  |9 267496 
700 1 |a Kmety, Emil,  |d 1923-2003  |4 aut  |9 161660 
700 1 |a Oravec, Ctirad,  |d 1924-2003  |4 aut  |9 7621 
700 1 |a Bazovská, Sylvia,  |d 1938-  |4 aut  |9 39666 
700 1 |a Ondruš, Boris,  |d 1924-1995  |4 aut  |9 192071 
773 0 |t Bratislavské lekárske listy  |g Roč. 80, č. 1 (1983), s. 25-30 
850 |a Slovenská národná knižnica 
852 |a Slovenská národná knižnica 
954 |a odborná, vedecká literatúra pôvodná (slovenská)  |2 lita 
958 |a article27 
958 |a NB 
958 |a RK 
958 |a OND 
958 |a EUIPO 
992 |a RBX 
999 |c 2759084  |d 2761014